| 000 | 00489nam a2200181Ia 4500 | ||
|---|---|---|---|
| 001 | 21081 | ||
| 005 | 20260306172853.0 | ||
| 008 | 260306t2017||||xx |||||||||||||| ||spa|| | ||
| 041 | _aESP | ||
| 082 |
_a344 _bN514 |
||
| 100 |
_aNakazaki Servigón, César _eAUT |
||
| 245 | 0 | _aEl derecho penal y procesal penal desde la perspectiva del abogado penalista litigante | |
| 260 | _c2017 | ||
| 300 |
_a846 páginas : _c25 cm. |
||
| 650 | _aGEN | ||
| 654 | _aCDE | ||
| 942 |
_cLIB _dJUS _fJUS _2ddc _n |
||
| 999 |
_c21081 _d21081 |
||